000 00484njm a2200181 i 4500
001 C2-0307020
003 PPAK
005 20180729163356.0
008 101227s1994 xxu|||| ||||| | eng d
040 _aPPAK
_beng
_cPPAK
_erda
245 0 0 _aGreat American Stories
264 1 _aUnited States :
_bBBC Audio America ,
_c1994
336 _2rdacontent
_atext
337 _2rdamedia
_aunmediated
338 _2rdacarrier
_avolume
650 1 0 _aShort stories, American.
942 _ddc
_cB
999 _c163870
_d163870